Margot Robbie - Roles by Picture - Statistics

General Stats
  • This quiz has been taken 25 times
  • The average score is 5 of 27
Answer Stats
Picture Answer % Correct
Barbie
87%
Harley Quinn
87%
Tonya Harding
70%
Sharon Tate
48%
Naomi Lapaglia
43%
Queen Elizabeth I
35%
Jane Clayton
26%
Nellie LaRoy
26%
Jess Barrett
22%
Flopsy
13%
Kayla Pospisil
9%
Valerie Voze
9%
Allison Wells
4%
Ann Burden
4%
Annie / Bonnie
4%
Audrey
4%
Caitlin Brentford
4%
Cassandra
4%
Celine Joseph
4%
Charlotte
4%
Daphne Milne
4%
Donna Brown
4%
Imelda
4%
Juliet
4%
Laura Cameron
4%
Tanya Vanderpool
4%
Tristan Waters
4%
No matching quizzes found
Score Distribution
Percent of People with Each Score
Percentile by Number Answered
Your Score History
You have not taken this quiz